000 01082nam a22002777a 4500
003 AUA.1
005 20251121080119.0
008 251121b |||||||| |||| 00| 0 eng d
020 _a9780925675262
040 _cJTL
050 _aBT706
_b.M34 2015
245 0 _aMarriage :
_bBiblical and theological aspects /
_cEkkehardt Mueller and Elias Brasil de Souza, (eds)
260 _aSilver Spring, MD :
_bBiblical Research Institute;
_c2023.
300 _axiv, 289 pages ;
_c23 cm.
490 _aBiblical Research Institute studies in Biblical ethics
_vVolume 1
500 _aSabbath School Leadership.
650 _aFamilies
_vReligious aspects
_xChristianity
650 _aMarriage
_vReligious aspects
_xSeventh-day Adventists
650 _aMarriage
_vBiblical Teaching
650 _aSex
_vBiblical Teaching
650 _aSex
_vReligious aspects
_xSeventh-day Adventists
700 _aMueller, Ekkehardt.
_eeditor
700 _ade Souza, Elias Brasil
_eeditor
830 _aSDAPI - Seventh-day Adventist Periodical Index.
942 _2lcc
_cBOOK
_hBT 706
_i.M34 2015
999 _c25274
_d25274